| 000 -LEADER | |
|---|---|
| fixed length control field | 00289nam a22001217a 4500 |
| 050 ## - LIBRARY OF CONGRESS CALL NUMBER | |
| Classification number | HV 1560 |
| 100 ## - MAIN ENTRY--AUTHOR NAME | |
| Personal name | KOHLI A.S. and SHARMA S.R. |
| 245 ## - TITLE STATEMENT | |
| Title | Organisation of Social Welfare |
| 260 ## - PUBLICATION, DISTRIBUTION, ETC. (IMPRINT) | |
| Place of publication | New Delhi |
| Name of publisher | Anmol Publications PVT.LTD |
| Year of publication | 1997 |
| 300 ## - PHYSICAL DESCRIPTION | |
| Number of Pages | 238p |
| 942 ## - ADDED ENTRY ELEMENTS (KOHA) | |
| Koha item type | Books |
| 988 ## - PAGINATION/EXTENT | |
| PAGINATION/EXTENT | 238p |
| Koha item type | Collection code | Accession Number | Permanent Location | Current Location | Date acquired | Full call number |
|---|---|---|---|---|---|---|
| Books | Lending | 2597 | Chapman Library | Chapman Library | 2017-02-06 | HV1560koh |

